Wordt geladen...

Samakaleen rajaneeti sidhanth

Bibliografische gegevens
Hoofdauteur: Om Prakas gaaba
Gepubliceerd in: National Publishing
LEADER 00206 a2200097 4500
020
260 |b National Publishing 
942 |c BK  |6 _ 
245 |a Samakaleen rajaneeti sidhanth 
100 |a Om Prakas gaaba 
999 |c 63130  |d 63130